Statistics for Hidden in the sand - tally hall (lyrics)

Click here to take the quiz!

General Stats

  • This quiz has been taken 143 times
    (134 since last reset)
  • The average score is 50 of 64

Answer Stats

% Correct
and
100%
in
99%
playing
99%
sand
99%
the
99%
we
99%
were
99%
a
96%
you
96%
found
94%
little
94%
you
94%
told
93%
band
92%
me
92%
you
89%
fell
85%
i
83%
in
83%
love
83%
it
82%
with
82%
as
80%
gone
79%
planned
79%
hadn't
77%
i
73%
you
73%
a
72%
all
72%
but
72%
buy
72%
pony
72%
to
72%
wanted
72%
was
72%
when
72%
me
70%
told
70%
you
70%
you
70%
bid
69%
had
69%
i
69%
never
69%
said
69%
to
69%
wondered
69%
you'd
69%
adieu
68%
anew
68%
could
68%
i
68%
if
68%
love
68%
and
66%
fall
66%
hold
66%
in
66%
it
66%
it
66%
love
66%
too
66%
with
66%

Score Distribution

Percentile by Number Answered

Percent of People with Each Score

Your Score History

You have not taken this quiz since the last reset